|
|
|
|
| LEADER |
01201nab a2200349 i 4500 |
| 001 |
publ33448 |
| 005 |
20250522102804.0 |
| 008 |
250522s1986 hu o 000 eng d |
| 022 |
|
|
|a 0165-6147; 1873-3735
|
| 024 |
7 |
|
|a 1353972
|2 mtmt
|
| 040 |
|
|
|a SZTE Publicatio Repozitórium
|b hun
|
| 041 |
|
|
|a eng
|
| 100 |
1 |
|
|a Watson Mark
|
| 245 |
1 |
0 |
|a Biochemical and functional basis of putative muscarinic receptor subtypes and its implications
|h [elektronikus dokumentum] /
|c Watson Mark
|
| 260 |
|
|
|c 1986
|
| 300 |
|
|
|a 46-55
|
| 490 |
0 |
|
|a TRENDS IN PHARMACOLOGICAL SCIENCES
|v 1986 No. Suppl. S.
|
| 650 |
|
4 |
|a Biológiai tudományok
|
| 650 |
|
4 |
|a Általános orvostudomány
|
| 700 |
0 |
1 |
|a Roeske William R.
|e aut
|
| 700 |
0 |
1 |
|a Vickroy Thomas W.
|e aut
|
| 700 |
0 |
1 |
|a Smith Thomas L.
|e aut
|
| 700 |
0 |
1 |
|a Akiyama Kazufumi
|e aut
|
| 700 |
0 |
1 |
|a Gulya Károly
|e aut
|
| 700 |
0 |
1 |
|a Duckles Sue P.
|e aut
|
| 700 |
0 |
1 |
|a Serra Mariangela
|e aut
|
| 700 |
0 |
1 |
|a Adem Abdu
|e aut
|
| 700 |
0 |
1 |
|a Nordberg Agneta
|e aut
|
| 700 |
0 |
1 |
|a Gehlert Donald R.
|e aut
|
| 700 |
0 |
1 |
|a Wamsley James K.
|e aut
|
| 700 |
0 |
1 |
|a Yamamura Henry I.
|e aut
|
| 856 |
4 |
0 |
|u http://publicatio.bibl.u-szeged.hu/33448/3/aok_klny_1360_86%282%29.pdf
|z Dokumentum-elérés
|